|
|
|
|
| LEADER |
00000nab a2200000 a 4500 |
| 001 |
vtls000265914 |
| 003 |
SK-MaSNL |
| 005 |
20260304060935.0 |
| 008 |
250422c1986 xo 0 slo |
| 015 |
|
|
|a SNBRB19rr/mm-uuuuu
|
| 035 |
|
|
|a CL0276028
|
| 035 |
|
|
|a urn:nbn:sk:snk-abbger
|
| 035 |
|
|
|a (urnnbn)urn:nbn:sk:snk:ar-000riv
|
| 035 |
|
|
|a (uuid)19378258-a61d-4a37-991f-3953bc86b91e
|
| 040 |
|
|
|a SNKBUCL
|b slo
|c SNKBUCL
|e AACR2
|
| 041 |
0 |
|
|a slo
|
| 044 |
|
|
|a xo
|c SK
|
| 080 |
|
|
|a 577.112.34:616-005.4:616.832
|2 1981
|
| 080 |
|
|
|a 616-005.4
|2 1981
|
| 080 |
|
|
|a 616.832
|2 1981
|
| 100 |
1 |
|
|a Martiniak, Jozef
|4 aut
|9 880989
|
| 245 |
1 |
0 |
|a Koncentrácia aminokyselín v mieche a v spinálnych gangliách psa počas ischémie
|c Jozef Martiniak, Mikuláš Chavko, Jozef Maršala
|
| 300 |
|
|
|b Tb. 1. Grafy 2., lit. 16 zázn. v slov., angl.
|
| 650 |
0 |
7 |
|a aminokyseliny
|2 snkbucl
|9 16104
|
| 650 |
0 |
7 |
|a ischémia
|2 snkbucl
|9 16301
|
| 655 |
|
7 |
|a články z novín a časopisov
|2 snkbucl
|9 267496
|
| 700 |
1 |
|
|a Chavko, Mikuláš,
|d 1944-
|4 aut
|9 5507
|
| 700 |
1 |
|
|a Maršala, Jozef,
|d 1929-2007
|4 aut
|9 21948
|
| 773 |
0 |
|
|t Biológia
|g Roč. 41, č. 7 (1986), s. 675-680
|
| 850 |
|
|
|a Slovenská národná knižnica
|
| 852 |
|
|
|a Slovenská národná knižnica
|
| 954 |
|
|
|a odborná, vedecká literatúra pôvodná (slovenská)
|2 lita
|
| 958 |
|
|
|a article15
|
| 958 |
|
|
|a NB
|
| 958 |
|
|
|a RK
|
| 958 |
|
|
|a OND
|
| 958 |
|
|
|a EUIPO
|
| 992 |
|
|
|a RBX
|
| 999 |
|
|
|c 2730739
|d 2732669
|